Sports Quiz

Random Sports Quiz

NBA2k Cover Designs (not real covers) Quiz Stats

 Plays Quiz not verified by Sporcle

Score 0/26 Timer 10:00
1 Play Today
% Correct
Andrew Wiggins
96.8%
Paul George
71.8%
George Hill
71%
Carmelo Anthony
71%
Derrick Rose
71%
John Wall
70.2%
Kyrie Irving
69.4%
Kevin Durant
69.4%
Chris Paul
69.4%
Demarcus Cousins
68.5%
Chris Paul
68.5%
Andre Drummond
68.5%
Russell Westbrook
68.5%
% Correct
Jeremy Lin
67.7%
Ben Simmons
67.7%
Michael Jordan
66.1%
Steve Nash
64.5%
LeBron James
64.5%
Rudy Gay
59.7%
Isaiah Thomas
57.3%
Iman Shumpert
56.5%
Brian Scalabrine
55.6%
Nerlens Noel
54%
Louis Williams
46.8%
Steph Curry
36.3%
Dwyane Wade
33.9%

You're not logged in!

Compare scores with friends on all Sporcle quizzes.
OR
Log In

Show Comments

Extras

Created Nov 15, 2017ReportNominate
Tags:cover, design

Top Quizzes Today


Score Distribution

Your Account Isn't Verified!

In order to create a playlist on Sporcle, you need to verify the email address you used during registration. Go to your Sporcle Settings to finish the process.

Report this User

Report this user for behavior that violates our Community Guidelines.

Details: